Fundamentos neuropsicológicos del lenguaje.

Detalles Bibliográficos
Autor principal: Fajardo Uribe, Luz Amparo
Otros Autores: Moya Pardo, Constanza
Formato: Libro
Lenguaje:inglés
Publicado: Salamanca Universidad de Salamanca 1999
Edición:1a.ed.
Materias:
Acceso en línea:

MARC

LEADER 00000cam a2200000 a 4500
001 017294
003 UAHC_CL
005 20170803121458.0
008 021108b xx j 000 1 eng
020 |a 847800971X 
040 |a UAHC_CL  |c UAHC_CL  |d UAHC_CL 
100 1 |a Fajardo Uribe, Luz Amparo 
245 1 0 |a Fundamentos neuropsicológicos del lenguaje. 
250 |a 1a.ed. 
260 |b Universidad de Salamanca  |a Salamanca  |c 1999 
300 |a 109 p. 
650 4 |a BIOLINGUISTICA 
650 4 |a TRASTORNOS DEL LENGUAJE 
700 1 |a Moya Pardo, Constanza 
900 |a 410 FAJ 
942 |c BK 
952 |0 0  |1 0  |4 0  |6 410_000000000000000_FAJ  |7 0  |8 General  |9 34448  |a BC  |b BC  |c General  |d 2017-08-03  |l 0  |o 410 FAJ  |p 1334350  |r 2026-01-19 00:00:00  |t 1  |w 2017-08-03  |y BK 
952 |0 0  |1 0  |4 0  |6 410_000000000000000_FAJ  |7 0  |8 General  |9 34449  |a BC  |b BC  |c General  |d 2017-08-03  |l 0  |o 410 FAJ  |p 1334351  |r 2026-01-13 00:00:00  |t 2  |w 2017-08-03  |y BK 
999 |c 17294  |d 17294